Прагматичні особливості англомовного дискурсу (Запис № 284048)
[ простий вигляд ]
| 000 -LEADER | |
|---|---|
| fixed length control field | 01365nam a22001577a 4500 |
| 041 ## - LANGUAGE CODE | |
| Language code of text/sound track or separate title | ukr |
| 080 ## - UNIVERSAL DECIMAL CLASSIFICATION NUMBER | |
| Universal Decimal Classification number | 09 |
| 090 ## - LOCALLY ASSIGNED LC-TYPE CALL NUMBER (OCLC); LOCAL CALL NUMBER (OCLC) | |
| Local cutter number (OCLC) ; Book number/undivided call number, CALL (RLIN) | КОР |
| 100 ## - MAIN ENTRY--PERSONAL NAME | |
| Personal name | Коробенюк О. В. |
| 245 ## - TITLE STATEMENT | |
| Title | Прагматичні особливості англомовного дискурсу |
| 260 ## - PUBLICATION, DISTRIBUTION, ETC. (IMPRINT) | |
| Place of publication, distribution, etc | Острог |
| Name of publisher, distributor, etc | КАФ |
| Date of publication, distribution, etc | 2009 |
| 300 ## - PHYSICAL DESCRIPTION | |
| Extent | 64 |
| 520 ## - SUMMARY, ETC. | |
| Summary, etc | Вступ<br/>Розділ 1. Поняття дискурсу в лінгвістиці та його особливості.<br/>1.1. Трактування дискурсу в сучасній лінгвістичній науці.<br/>1.2. Основні характеристики офіційного і неофіційного дискурсів.<br/>1.3. Макро- і мікроструктура як основні рівні дискурсу.<br/>Розділ 2. Адресованість як основний компонент дискурсивного аналізу офіційного дискурсу.<br/>2.1. Історія становлення і класифікація теорії дискурсивного налізу.<br/>2.2. Засоби вираження адресованості у підручнику теоретичної граматики «A course in Theoretical English Grammar».<br/>Висновки. |
| -- | дискурс, адресованість |
| 650 ## - SUBJECT ADDED ENTRY--TOPICAL TERM | |
| Topical term or geographic name as entry element | Research Papers |
| 942 ## - ADDED ENTRY ELEMENTS (KOHA) | |
| Koha item type | Книги |
| Withdrawn status | Lost status | Source of classification or shelving scheme | Damaged status | Not for loan | Home library | Current library | Date acquired | Source of acquisition | Cost, normal purchase price | Total Checkouts | Full call number | Barcode | Date last seen | Price effective from | Koha item type |
|---|---|---|---|---|---|---|---|---|---|---|---|---|---|---|---|
| Universal Decimal Classification | ВІЛ - Відділ іноземн. літератури НБ | ВІЛ - Відділ іноземн. літератури НБ | 16/04/2009 | Акт №1 | 1.00 | 09 | 213279 | 20/12/2021 | 16/04/2009 | Книги |